00343nam a2200133 a 45000010010000000030011000100080041000210350026000620820014000881000022001022450034001242600037001586500014001950000-8587ELIB.Books110520 1952  a(ELIB.Books)0000-8733 a251 bMil aMiller, Donald G. aThe Way to Biblical Preaching bNashville: Abingdon Press c1952 aPreaching